Welcome to CU Library Online Public Access Catalogue (OPAC)

How to read the Bible for all its worth : (Record no. 6445)

MARC details
000 -LEADER
fixed length control field 00582pam a2200193 a 4500
001 - CONTROL NUMBER
control field 2506084
005 - DATE AND TIME OF LATEST TRANSACTION
control field 20250613110532.0
008 - FIXED-LENGTH DATA ELEMENTS--GENERAL INFORMATION
fixed length control field 921029s1993 miu b 001 0 eng
020 ## - INTERNATIONAL STANDARD BOOK NUMBER
International Standard Book Number 0310384915
050 00 - LIBRARY OF CONGRESS CALL NUMBER
Classification number BS600.2
Item number .F43 1993
082 00 - DEWEY DECIMAL CLASSIFICATION NUMBER
Classification number 220.6/1
Edition information 20
100 1# - MAIN ENTRY--PERSONAL NAME
Personal name Fee, Gordon D.
245 10 - TITLE STATEMENT
Title How to read the Bible for all its worth :
Remainder of title a guide to understanding the Bible /
Statement of responsibility, etc. Gordon D. Fee & Douglas Stuart.
250 ## - EDITION STATEMENT
Edition statement 2nd ed.
260 ## - PUBLICATION, DISTRIBUTION, ETC.
Place of publication, distribution, etc. Grand Rapids, Mich. :
Name of publisher, distributor, etc. Zondervan,
Date of publication, distribution, etc. c1993.
300 ## - PHYSICAL DESCRIPTION
Extent 265 p. ;
Dimensions 22 cm.
700 1# - ADDED ENTRY--PERSONAL NAME
Personal name Stuart, Douglas K.
942 ## - ADDED ENTRY ELEMENTS (KOHA)
Source of classification or shelving scheme Library of Congress Classification
Koha item type Books
Suppress in OPAC No
999 ## -
-- 6445
-- 6445
Holdings
Withdrawn status Lost status Source of classification or shelving scheme Damaged status Not for loan Collection Home library Current library Shelving location Date acquired Total checkouts Full call number Barcode Date last seen Copy number Price effective from Koha item type
    Library of Congress Classification     Non-fiction Undergraduate Library (Christ Temple) Undergraduate Library (Christ Temple) General stacks 06/13/2025   BS600.2 FEE ulct00003245 06/13/2025 1 06/13/2025 Books
© 2023-2024 Copyright: Central University Libraries. All Rights Reserved | Created by: Mahone Tech Office